Barbie = Barbie /

Sátira que tiene como protagonista a la muñeca Barbie, de la compañía de juguetes Mattel, en el marco del feminismo contemporáneo y las tribulaciones de las mujeres para reconocer quiénes son o quieren llegar a ser. El personaje de Barbie vive felizmente en su mundo hasta que empieza a tener una cri...

وصف كامل

محفوظ في:
التفاصيل البيبلوغرافية
المؤلف الرئيسي: Gerwig, Greta (realización)
مؤلفون آخرون: Gerwig, Greta (guíón) (guíón), Baumbach, Noah (guión) (guión), Prieto, Rodrigo (fotógrafo) (fotógrafo), Durran, Jacqueline (vestuario) (vestuario), Houy, Nick (montaje) (montaje), Ronson, Mark (música) (música), Wyatt, Andrew (música) (música), Robbie, Margot (actuación) (actuación), Gosling, Ryan (actuación) (actuación), Ferrera, America (actuación) (actuación)
التنسيق: شريحة
اللغة:الإنجليزية
الموضوعات:
الوسوم: إضافة وسم
لا توجد وسوم, كن أول من يضع وسما على هذه التسجيلة!

MARC

LEADER 00000ngm^a2200000^a^4500
001 000588453
005 20250521000000.0
009 20260310132830.369
037 |a Acervo ITESO - Biblioteca 
041 |a ING 
082 |a 810.  |b GER 
100 |a Gerwig, Greta  |e (realización) 
245 1 0 |a Barbie =  |b Barbie /  |c Realización de G. Gerwig. 
264 2 |a Los Angeles, EUA :  |b Warner Brothers [distribución],  |c 2023, c2023 
300 |a 1 blu-ray región A (114, 44 min.) :  |b color 
336 |a imagen móvil bidimensional  |b tdi  |2 rdacontenido 
337 |a video  |b v  |2 rdamedio 
338 |a videodisco  |b vd  |2 rdasoporte 
520 |a Sátira que tiene como protagonista a la muñeca Barbie, de la compañía de juguetes Mattel, en el marco del feminismo contemporáneo y las tribulaciones de las mujeres para reconocer quiénes son o quieren llegar a ser. El personaje de Barbie vive felizmente en su mundo hasta que empieza a tener una crisis existencial, que sólo puede resolver si visita el mundo real y conoce a la niña que proyecta esos pensamientos en ella. La acompaña Ken, su novio, quien rige su vida sólo a través de la mirada y la aceptación de Barbie. Sin embargo, cuando llega al mundo real se percata que está gobernado y acoplado a los varones, situación que despierta sospechas en Ken. 
546 |a En inglés, con subtítulos opcionales: español, francés, inglés 
546 |a Doblaje opcional: español, francés 
546 |a Audiodescripción en inglés, para ciegos y débiles visuales 
586 |a Premio Oscar, de la Academia Norteamericana de Cine (96°: 2023): Mejor Película (finalista) 
586 |a Premio Globo de Oro, de la Asociación de la Prensa Extranjera de Hollywood (81°: 2023): Mejor Película – Musical o Comedia (finalista) 
586 |a Premio Globo de Oro, de la Asociación de la Prensa Extranjera de Hollywood (81°: 2023): Mejor Dirección (finalista: Greta Gerwig) 
586 |a Premio Globo de Oro, de la Asociación de la Prensa Extranjera de Hollywood (81°: 2023): Película con más candidaturas finalistas (9) 
586 |a Premio AACTA, de la Academia Australiana de Cine y Televisión (13°: 2023): Mejor Película Extranjera (ganadora) 
586 |a Premio Bodil, de la Asociación Danesa de Críticos de Cine (77°: 2024): Mejor Película en Lengua Inglesa (finalista) 
586 |a Premio de la Academia Japonesa de Cine (27°: 2023): Mejor Película Extranjera (finalista) 
586 |a Premio Robert, de la Academia Danesa de Cine (41°: 2024): Mejor Película en Lengua Inglesa (finalista) 
586 |a Diseño de Indumentaria y Moda: Premio CDGA (26°: 2024): Excelencia en Diseño de Vestuario de Ciencia-Ficción/Fantástico para Cine (ganadora: Jacqueline Durran) 
586 |a Diseño de Indumentaria y Moda: Premio Oscar, de la Academia Norteamericana de Cine (96°: 2023): Mejor Diseño de Vestuario (finalista: Jacqueline Durran) 
586 |a Diseño de Indumentaria y Moda: Premio BAFTA, de la Academia Británica de Cine y Televisión (77°: 2023): Mejor Diseño de Vestuario (finalista: Jacqueline Durran) 
649 |a XX 
650 |a Cineastas Norteamericanos -  |x Entrevistas 
650 |a Actores Norteamericanos -  |x Entrevistas 
650 |a Mujeres en el Cine 
650 |a Mujeres Norteamericanas -  |x Entrevistas 
650 |a Mujeres -  |x Condiciones Sociales y Culturales -  |x Tema Principal 
650 |a Escenografía (Diseño y Montaje) 
650 |a Making Of (Documentales detrás de Cámaras) 
650 |a Producción Cinematográfica -  |z EUA 
650 |a Sátira 
650 |a Comedias Cinematográficas 
650 |a Cine Fantástico 
650 |a Cine de Aventuras 
650 |a Cine de Mujeres -  |z EUA 
650 |a Cine Norteamericano -  |y 2020-2029 
650 |a Cine Norteamericano -  |y Siglo XXI 
650 |a Cine Norteamericano -  |x Historia y Crítica 
650 |a Música y Medios Audiovisuales -  |z EUA -  |x Historia y Crítica 
650 |a Diseño de Moda -  |z EUA -  |x Historia y Crítica 
650 |a Muñecas (Juguetes) -  |x Tema Principal 
650 |a Relaciones Padres-Hijos 
650 |a Imagen Personal 
650 |a Identidad Personal -  |x Tema Principal 
650 |a Identidad de Género 
650 |a Discriminación de Género 
650 |a Misoginia 
650 |a Machismo 
650 |a Feminismo 
650 |a Género 
650 |a Existencialismo 
650 |a Gerwig, Greta 
650 |a Robbie, Margot 
700 |a Gerwig, Greta  |e (guíón) 
700 |a Baumbach, Noah  |e (guión) 
700 |a Prieto, Rodrigo  |e (fotógrafo) 
700 |a Durran, Jacqueline  |e (vestuario) 
700 |a Houy, Nick  |e (montaje) 
700 |a Ronson, Mark  |e (música) 
700 |a Wyatt, Andrew  |e (música) 
700 |a Robbie, Margot  |e (actuación) 
700 |a Gosling, Ryan  |e (actuación) 
700 |a Ferrera, America  |e (actuación) 
910 |a Fondo General 
920 |a Audiovisuales - Blu-rays 
940 |a Películas 
905 |a 303 
901 |a 0500337787  |b IT2  |c BRS  |i C186882  |u 20250521 
902 |a https://opac.biblio.iteso.mx/vufind/Record/000588453